000 00588nam a22002177a 4500
003 OSt
005 20140310182821.0
008 130304t xxu||||| |||| 00| 0 eng d
020 _a9780521186902 (pbk.)
050 _aAM 72
_b.X6 2011
082 _aM 069.0951
_bL693 2011
245 _aChina’s museums
_cXianyao, Li
250 _aUpdated ed.
260 _aCambridge, UK ; New York
_bCambridge University Press
_cc2011
300 _a211 p.
_bcol. ill.
_c23 cm.
521 _acollege students
526 _c1210L-1700L
541 _j1
562 _e1
942 _2lcc
_cBK
_kM
999 _c16393
_d16393